Principles of occupational health and hygiene: An introduction (Record no. 393332)

MARC details
000 -LEADER
fixed length control field 00562 a2200205 4500
005 - DATE & TIME
control field 20260116160112.0
008 - FIXED-LENGTH DATA ELEMENTS--GENERAL INFORMATION
fixed length control field 260114b |||||||| |||| 00| 0 eng d
020 ## - ISBN
International Standard Book Number 9781032590578
Price £ 35.99
040 ## - CATALOGING SOURCE
Original cataloging agency VIVEKANANDA LIBRARY
082 ## - DDC NUMBER
Classification number 613.62
Book Number R252P(4)
100 ## - MAIN ENTRY--PERSONAL NAME
Personal name Reed, Sue, ed.
245 ## - TITLE STATEMENT
Title Principles of occupational health and hygiene: An introduction
250 ## - EDITION STATEMENT
Edition statement 4th
260 ## - PUBLICATION, DISTRIBUTION, ETC. (IMPRINT)
Name of publisher, distributor, etc CRC Press
Place of publication, distribution, etc Boca Raton
Date of publication, distribution, etc 2025
300 ## - PHYSICAL DESCRIPTION
Pages xxxiii, 504
650 ## - Subject
Subject Occupational Health
650 ## - Subject
Subject Industrial Hygiene
650 ## - Subject
Subject Industrial Safety
942 ## - ADDED ENTRY ELEMENTS (KOHA)
Koha item type Books
Holdings
Withdrawn status Lost status Source of classification or shelving scheme Damaged status Not for loan Location (home branch) Sublocation or collection (holding branch) Shelving location Date acquired Koha issues (times borrowed) Koha full call number Accession No. Koha date last seen Koha item type
    Dewey Decimal Classification     VIVEKANANDA LIBRARY VIVEKANANDA LIBRARY Vivekananda Library 12/08/2025   613.62 R252P(4) 443263 12/08/2025 Books
© Designed and Maintained by Vivekananda Library, MDU Rohtak